[Event "Championnat de France des Jeunes - Cadet"]
[Site "NIMES"]
[Date "2012.04.18"]
[Round "6.4"]
[White "Luciani, Thibault"]
[Black "Aubry, Yannis"]
[Result "1-0"]
[WhiteElo "1990"]
[BlackElo "2069"]
[PlyCount "189"]

1. d4 e6 2. c4 Nf6 3. Nc3 Bb4 4. e3 O-O 5. Bd3 d5 6. Nf3 c5 7. O-O dxc4 8. Bxc4
Nbd7 9. a3 Ba5 10. Qc2 cxd4 11. exd4 Bxc3 12. bxc3 Qc7 13. Ba2 b6 14. Ng5 h6
15. Ne4 Bb7 16. f3 Rac8 17. Bb2 Bd5 18. Bb1 Bc4 19. Re1 Nxe4 20. fxe4 e5 21.
Qf2 Qc6 22. Re3 b5 23. Rg3 Qf6 24. Rf3 Qc6 25. Rg3 Qb6 26. Qf5 Qe6 27. Qh5 Qf6
28. Bc2 a5 29. Rd1 Kh7 30. Bc1 Rce8 31. Bg5 Qg6 32. Qh3 Qe6 33. Qh5 Qg6 34. Qh4
f6 35. Be3 Qf7 36. Rh3 Be6 37. Rf3 g5 38. Bxg5 Qg6 39. Bc1 Rg8 40. Rg3 Bg4 41.
h3 Bf3 42. Rxg6 Rxg6 43. Rd2 Reg8 44. Qf2 Bxg2 45. Kh2 Nb6 46. Bb3 R8g7 47.
Qxg2 Rxg2+ 48. Rxg2 Rc7 49. Bd2 a4 50. Be6 exd4 51. cxd4 Nc4 52. Bxc4 Rxc4 53.
e5 fxe5 54. dxe5 Re4 55. Bc3 h5 56. Rg3 Re2+ 57. Kg1 h4 58. Rg4 Re3 59. Rxh4+
Kg6 60. Bb2 Kf5 61. Rb4 Rxh3 62. Kf2 Rd3 63. Ke2 Rd5 64. Ke3 Rc5 65. Kd4 Rxe5
66. Kd3 Rd5+ 67. Bd4 Ke6 68. Rb2 Rh5 69. Rg2 Rh3+ 70. Be3 Rf3 71. Rb2 Rf5 72.
Kc3 Kd6 73. Kb4 Rf3 74. Rd2+ Kc6 75. Rd3 Rh3 76. Rc3+ Kd5 77. Kxb5 Rh4 78. Bc5
Rg4 79. Bb4 Rg8 80. Kxa4 Rb8 81. Kb3 Kd4 82. a4 Kd5 83. Rc5+ Kd4 84. Rc7 Kd5
85. Rc1 Ra8 86. a5 Ra7 87. Ka4 Ra8 88. Rc7 Kd4 89. Bc5+ Kd5 90. Kb5 Rb8+ 91.
Bb6 Rh8 92. Ka6 Rb8 93. Ka7 Rg8 94. Kb7 Rg2 95. a6 1-0

[Event "Championnat de France des Jeunes - Cadet"]
[Site "NIMES"]
[Date "2012.04.18"]
[Round "6.5"]
[White "Barbot, Pierre"]
[Black "Meley, Hector"]
[Result "1-0"]
[WhiteElo "2261"]
[BlackElo "2054"]
[PlyCount "117"]

1. e4 c5 2. Nf3 Nc6 3. d4 cxd4 4. Nxd4 g6 5. c4 Nf6 6. Nc3 d6 7. f3 Nxd4 8.
Qxd4 Bg7 9. Be3 O-O 10. Qd2 Qa5 11. Bd3 Be6 12. Rc1 Rfc8 13. b3 a6 14. Na4
Qxd2+ 15. Kxd2 Rc6 16. Nb6 Rd8 17. g4 Kf8 18. Nd5 Rdc8 19. Bg5 Ng8 20. h4 Bh6
21. Bxh6+ Nxh6 22. g5 Ng8 23. h5 Bxd5 24. exd5 Rc5 25. hxg6 hxg6 26. a4 e5 27.
f4 exf4 28. Rcf1 Re8 29. Rxf4 Kg7 30. Rfh4 Re7 31. Rh7+ Kf8 32. Rf1 f5 33. Rxe7
Nxe7 34. Re1 Kf7 35. Re6 Nc8 36. b4 Rc7 37. a5 b6 38. Kc3 bxa5 39. bxa5 Rc5 40.
Kb4 Rc7 41. Bc2 Rb7+ 42. Kc3 Re7 43. Rxe7+ Kxe7 44. Kd4 Kd7 45. Bd3 Kc7 46. c5
dxc5+ 47. Kxc5 Nd6 48. Bxa6 Ne4+ 49. Kd4 Nxg5 50. Bd3 Nf7 51. Kc5 Nd6 52. a6
Nc8 53. Bc2 Kb8 54. d6 Nxd6 55. Kxd6 Ka7 56. Bd3 g5 57. Kc5 g4 58. Kb5 g3 59.
Bf1 1-0

[Event "Championnat de France des Jeunes - Cadet"]
[Site "NIMES"]
[Date "2012.04.19"]
[Round "7.1"]
[White "Loiseau, Quentin"]
[Black "Moussard, Jules"]
[Result "0-1"]
[WhiteElo "2273"]
[BlackElo "2390"]
[PlyCount "80"]

1. d4 d6 2. c4 e5 3. Nf3 e4 4. Nfd2 f5 5. Nc3 Nf6 6. e3 Be7 7. f3 exf3 8. Nxf3
c6 9. Bd3 Na6 10. O-O O-O 11. a3 Nc7 12. Qc2 g6 13. Bd2 d5 14. Be1 Kg7 15. Bg3
Be6 16. c5 Ne4 17. Be5+ Bf6 18. Bxf6+ Rxf6 19. Ne5 Qe7 20. Bxe4 dxe4 21. Qf2
Bd5 22. Qg3 Ne6 23. Ne2 Kh8 24. Nf4 Qg7 25. h4 Rg8 26. b4 Nxf4 27. Rxf4 Rgf8
28. Raf1 Kg8 29. Qh3 Be6 30. g4 fxg4 31. Qg3 h5 32. Rxf6 Rxf6 33. Rxf6 Qxf6 34.
Qf2 Kg7 35. Qh2 g5 36. hxg5 Qxg5 37. Qf2 g3 38. Qf4 Qxf4 39. exf4 h4 40. Kg2
Kf6 0-1

[Event "Championnat de France des Jeunes - Cadet"]
[Site "NIMES"]
[Date "2012.04.19"]
[Round "7.3"]
[White "Cabanes, Kim"]
[Black "Barbot, Pierre"]
[Result "1/2-1/2"]
[WhiteElo "2033"]
[BlackElo "2261"]
[PlyCount "62"]

1. d4 Nf6 2. Bf4 g6 3. e3 Bg7 4. Nf3 O-O 5. Be2 d6 6. O-O b6 7. a4 a6 8. c3 Bb7
9. Nbd2 Nbd7 10. h3 Qe8 11. Bh2 e5 12. b4 Ne4 13. Nxe4 Bxe4 14. Qb3 Bh8 15. Ng5
Bb7 16. Bc4 h6 17. Nxf7 Kh7 18. dxe5 dxe5 19. Be6 Qe7 20. Bxd7 Qxd7 21. Nxe5
Qf5 22. f4 Bxe5 23. fxe5 Qe4 24. Qa2 Qxe3+ 25. Kh1 Qxh3 26. Rf7+ Rxf7 27. Qxf7+
Kh8 28. Qf6+ Kh7 29. Qf7+ Kh8 30. Qf6+ Kh7 31. Qf7+ Kh8 1/2-1/2

[Event "Championnat de France des Jeunes - Cadet"]
[Site "NIMES"]
[Date "2012.04.19"]
[Round "7.4"]
[White "Domenech, Vianney"]
[Black "Feryn, Benjamin"]
[Result "1-0"]
[WhiteElo "2181"]
[BlackElo "2124"]
[PlyCount "49"]

1. e4 e5 2. Nf3 Nc6 3. Bb5 a6 4. Bxc6 dxc6 5. O-O Bg4 6. h3 h5 7. d3 Qf6 8.
Nbd2 Bc5 9. c3 Rd8 10. Qc2 Ne7 11. b4 Ba7 12. Bb2 Ng6 13. d4 Nf4 14. Nxe5 Bxh3
15. g3 h4 16. gxf4 Qxf4 17. Ndf3 Rd6 18. Kh1 Bxf1 19. Rxf1 f5 20. Bc1 Qxe4 21.
Qxe4 fxe4 22. Ng5 Bxd4 23. Nef7 Bxc3 24. Nxh8 Rh6 25. Nxe4 1-0

[Event "Championnat de France des Jeunes - Cadet"]
[Site "NIMES"]
[Date "2012.04.19"]
[Round "7.5"]
[White "Muller, Matthieu"]
[Black "Ollier, Milan"]
[Result "1-0"]
[WhiteElo "1926"]
[BlackElo "2181"]
[PlyCount "69"]

1. e4 c5 2. Nf3 Nc6 3. d4 cxd4 4. Nxd4 e5 5. Nb5 d6 6. N1c3 a6 7. Na3 b5 8. Nd5
Nce7 9. Nb4 Nf6 10. c4 Nxe4 11. cxb5 a5 12. Na6 d5 13. Qc2 Bxa6 14. bxa6 f5 15.
f3 Nf6 16. Qa4+ Kf7 17. Bd2 e4 18. Bxa5 Qb8 19. O-O-O Ng6 20. Nc4 Bc5 21. Nd2
Nf4 22. g3 Ne6 23. fxe4 fxe4 24. Nb3 Rc8 25. Kb1 Bd6 26. Bb5 Nc5 27. Nxc5 Rxc5
28. Be2 Be5 29. Bb4 Kg8 30. Qb3 Rc8 31. g4 g5 32. h4 h6 33. hxg5 hxg5 34. Rxd5
Kg7 35. Rb5 1-0

[Event "Championnat de France des Jeunes - Cadet"]
[Site "NIMES"]
[Date "2012.04.20"]
[Round "8.1"]
[White "Moussard, Jules"]
[Black "Domenech, Vianney"]
[Result "1-0"]
[WhiteElo "2390"]
[BlackElo "2181"]
[PlyCount "99"]

1. g3 d5 2. Bg2 Nf6 3. Nf3 Bf5 4. d3 e6 5. O-O Be7 6. c4 c6 7. Nc3 h6 8. b3 O-O
9. Bb2 Nbd7 10. Re1 Bh7 11. Qc2 a5 12. Rad1 Qb6 13. e4 dxe4 14. dxe4 Rfd8 15.
Na4 Qc7 16. c5 b5 17. cxb6 Nxb6 18. Be5 Qb7 19. Nc5 Bxc5 20. Rxd8+ Rxd8 21.
Qxc5 Nxe4 22. Qxa5 Rd5 23. Qa3 Nd7 24. Ba1 c5 25. Qb2 Ndf6 26. h3 Qa7 27. Kh2
Rd3 28. Re2 Nc3 29. Rd2 Ncd5 30. Rxd3 Bxd3 31. Ne5 Bf5 32. a3 Qa5 33. Nd7 Qe1
34. Nxc5 Qb1 35. b4 Qxb2 36. Bxb2 Kf8 37. b5 Ke8 38. a4 Nd7 39. Nxd7 Kxd7 40.
Bxg7 Kc7 41. Bxh6 Kb6 42. Bd2 Bc2 43. a5+ Kxb5 44. g4 Bd3 45. h4 Nb4 46. Kg3
Kxa5 47. Bc6 Kb6 48. Be8 Nc6 49. Bxf7 e5 50. h5 1-0

[Event "Championnat de France des Jeunes - Cadet"]
[Site "NIMES"]
[Date "2012.04.20"]
[Round "8.3"]
[White "Luciani, Thibault"]
[Black "Loiseau, Quentin"]
[Result "0-1"]
[WhiteElo "1990"]
[BlackElo "2273"]
[PlyCount "86"]

1. d4 Nf6 2. c4 c5 3. d5 e6 4. Nc3 exd5 5. cxd5 d6 6. e4 g6 7. f4 Bg7 8. Nf3
O-O 9. Be2 Bg4 10. O-O Nbd7 11. h3 Bxf3 12. Bxf3 a6 13. g4 Ne8 14. g5 Nc7 15.
Ne2 Nb5 16. f5 Be5 17. f6 Nd4 18. Nxd4 Bxd4+ 19. Kh1 Ne5 20. Bg4 Re8 21. Qe2
Qb6 22. Qc2 Qb5 23. Bf4 Rad8 24. Rad1 Qc4 25. Qxc4 Nxc4 26. b3 Ne3 27. Bxe3
Bxe3 28. Rde1 Bxg5 29. Kg2 Re5 30. Kg3 h5 31. Bd1 Rde8 32. h4 Bd2 33. Re2 Bc3
34. Kf3 b5 35. Bc2 Bd4 36. Bd3 Rb8 37. Rg2 Kh7 38. Ke2 Kh6 39. Rb1 a5 40. a4
bxa4 41. bxa4 Rxb1 42. Bxb1 Re8 43. Kd3 Bxf6 0-1

[Event "Championnat de France des Jeunes - Cadet"]
[Site "NIMES"]
[Date "2012.04.20"]
[Round "8.4"]
[White "Barbot, Pierre"]
[Black "Roubaud, Alexandre"]
[Result "1-0"]
[WhiteElo "2261"]
[BlackElo "2123"]
[PlyCount "63"]

1. e4 e5 2. Nc3 Nf6 3. f4 d5 4. fxe5 Nxe4 5. Nf3 Be7 6. Qe2 Nxc3 7. dxc3 c5 8.
Bf4 Nc6 9. O-O-O Be6 10. h4 h6 11. g3 Qa5 12. Kb1 O-O-O 13. Bh3 Qb6 14. Bxe6+
fxe6 15. Qd3 Na5 16. Qg6 Rhe8 17. Qxg7 d4 18. cxd4 Nc4 19. b3 cxd4 20. Bc1 Bb4
21. Qg6 Ne3 22. Rxd4 Nd5 23. Bb2 Kb8 24. Rhd1 Bc5 25. R4d3 Nb4 26. R3d2 Be3 27.
Rd6 Qa5 28. a3 Nd5 29. c4 Nc3+ 30. Bxc3 Qxc3 31. Rxd8+ Kc7 32. Qd3 1-0

[Event "Championnat de France des Jeunes - Cadet"]
[Site "NIMES"]
[Date "2012.04.21"]
[Round "9.1"]
[White "Barbot, Pierre"]
[Black "Moussard, Jules"]
[Result "1/2-1/2"]
[WhiteElo "2261"]
[BlackElo "2390"]
[PlyCount "63"]

1. e4 c5 2. Nf3 g6 3. d4 Bg7 4. Be3 Nf6 5. Nc3 cxd4 6. Nxd4 Nc6 7. Nxc6 bxc6 8.
e5 Nd5 9. Nxd5 cxd5 10. Qxd5 Rb8 11. Bc4 O-O 12. O-O Bb7 13. Qd4 d6 14. f4 Qc7
15. Bb3 dxe5 16. Qc5 Bc6 17. Qxa7 Qxa7 18. Bxa7 Rb7 19. Bc5 exf4 20. Rxf4 Bxb2
21. Raf1 Be8 22. Rb1 Bg7 23. Rxf7 Bxf7 24. Bxf7+ Kxf7 25. Rxb7 Rc8 26. Bxe7
Rxc2 27. Bg5+ Kg8 28. Rb8+ Kf7 29. Rb7+ Kg8 30. Rb8+ Kf7 31. Rb7+ Kg8 32. Rb8+
1/2-1/2

[Event "Championnat de France des Jeunes - Cadet"]
[Site "NIMES"]
[Date "2012.04.21"]
[Round "9.2"]
[White "Aubry, Yannis"]
[Black "Sochacki, Christophe"]
[Result "1/2-1/2"]
[WhiteElo "2069"]
[BlackElo "2407"]
[PlyCount "35"]

1. d4 Nf6 2. c4 c5 3. d5 b5 4. cxb5 a6 5. bxa6 g6 6. Nc3 Bxa6 7. g3 d6 8. Bg2
Bg7 9. Nf3 O-O 10. O-O Nbd7 11. Rb1 Qa5 12. Bd2 Rfb8 13. Qc2 Nb6 14. b3 Qa3 15.
Bc1 Qa5 16. Bd2 Qa3 17. Bc1 Qa5 18. Bd2 1/2-1/2

[Event "Championnat de France des Jeunes - Cadet"]
[Site "NIMES"]
[Date "2012.04.21"]
[Round "9.4"]
[White "Domenech, Vianney"]
[Black "De Lussac, Maxence"]
[Result "1/2-1/2"]
[WhiteElo "2181"]
[BlackElo "1893"]
[PlyCount "133"]

1. d4 Nf6 2. Bf4 g6 3. Nc3 d5 4. Qd2 Bg7 5. Nf3 b6 6. Bh6 O-O 7. h4 Bf5 8. Ne5
c5 9. Bxg7 Kxg7 10. h5 gxh5 11. O-O-O e6 12. f3 Nbd7 13. g4 hxg4 14. fxg4 Bg6
15. Qh6+ Kg8 16. g5 Nxe5 17. gxf6 Qxf6 18. dxe5 Qxe5 19. Bg2 Rac8 20. Rdg1 Rc7
21. Bxd5 Qg7 22. Be4 Qxh6+ 23. Rxh6 f5 24. Bf3 Rd8 25. Rhh1 Kg7 26. Nb5 Rcd7
27. Bc6 Rd2 28. Rd1 Rxd1+ 29. Rxd1 Rxd1+ 30. Kxd1 e5 31. Nxa7 e4 32. Nc8 h5 33.
Ke1 h4 34. Nxb6 h3 35. Kf2 f4 36. Nd5 e3+ 37. Kf3 Be4+ 38. Kxf4 h2 39. Nxe3
h1=Q 40. Bxe4 Qa1 41. b3 Qxa2 42. Nc4 Qa7 43. Ke5 Qe7+ 44. Kd5 Kf6 45. Bd3 Qc7
46. e4 Ke7 47. e5 Kd7 48. Nd6 Qc6+ 49. Kc4 Ke6 50. Ne4 Qd5+ 51. Kb5 c4+ 52.
Nc5+ Kxe5 53. Bxc4 Qd2 54. Bd3 Qc3 55. Na4 Qc7 56. Kb4 Kd4 57. Ka3 Qd6+ 58. Kb2
Ke3 59. Ka2 Qd4 60. Nb2 Kd2 61. Nc4+ Kc3 62. Kb1 Qg1+ 63. Ka2 Qa7+ 64. Kb1 Qg1+
65. Ka2 Qa7+ 66. Kb1 Qg1+ 67. Ka2 1/2-1/2